000 01254 a2200265 4500
003 Nust
005 20221219122750.0
010 _a 00269579
020 _a8178083337
035 _a(OCoLC)ocm43331492
035 _aG00B-375
040 _cNust
082 _a621.384,LUD
100 1 _aLudwig, Reinhold.
_963374
245 1 0 _aRF circuit design :
_btheory and applications (Include CD) /
_cReinhold Ludwig, Pavel Bretchko.
260 _aUpper Saddle River, NJ :
_bPrentice-Hall,
_cc2000.
300 _axiv, 642 p. :
_bill. ;
_c24 cm. +
_e1 computer laser optical disc (4 3/4 in.)
505 _aIntroduction (Page-1), Transmission Line Analysis (Page-37), The Smith Chart (Page-101), Signal-and Multiport Networks (Page-143), An Overview of RF Filter Design (Page-201), Active RF Components (Page-271), Active RF Component Modeling (Page-351), Matching and Biasing Networks (Page-405), RF Transistor Amplifier Designs (Page-463), Oscillators and Mixers (Page-539).
650 0 _aRadio circuits
_xDesign and construction.
_9105198
650 0 _aRadio frequency.
_998214
651 _a(Include CD)
_98953
700 1 _aBretchko, Pavel.
_9105199
856 4 1 _3Table of contents
_uhttp://www.loc.gov/catdir/toc/fy032/00269579.html
942 _2ddc
_cBK
999 _c183055
_d183055